000 00734nam a2200217Ia 4500
001 16730
003 GE_BSU
008 181216s||||||||xx |||||||||||||| ||und||
040 _cGE_BSU
080 _a821.161.1-32
100 _aდოსტოევსკი, თ. (1821-1881)
245 _aორეული ; მარადი ქმარი
245 _bმოთხრობები
245 _cთარგმნა ზ. კიკნაძემ. რედ.ლ.ალიმონაკი
260 _aთბილისი
260 _bგანათლება
260 _c1985
300 _a287გვ. : ილ. ; 21სმ
653 _aორეული ; მარადი ქმარი
942 _cBK
999 _c49795
_d49795